| 000 | 00449nam a22001937a 4500 | ||
|---|---|---|---|
| 003 | LK-CoDNM | ||
| 005 | 20241231092008.0 | ||
| 008 | 241230b |||||||| |||| 00| 0 eng d | ||
| 040 |
_aLK-CoDNM _dLK-CoDNM _eLK-CoDNM |
||
| 041 | _aeng | ||
| 080 |
_a3 _bL33 |
||
| 100 | _aFOSOM,WASTON,JUSTUS | ||
| 245 | _aENTOMOLOGY | ||
| 260 |
_c1914 _aLONDON |
||
| 300 | _a405P. : ill ; 27 cm | ||
| 650 | _ascience | ||
| 700 | _aDOVER,CEDRIC | ||
| 942 | _cBK | ||
| 999 |
_c234469 _d234469 |
||